[Event "Izhevsk Corporation Cup 6th"]
[Site "Izhevsk"]
[Date "2014.07.12"]
[Round "1"]
[White "Galimzyanova, Albina"]
[Black "Poniaev, Ruslan"]
[Result "0-1"]
[WhiteElo "1522"]
[BlackElo "2279"]
[PlyCount "50"]
[EventDate "2014.07.12"]
[EventType "swiss"]
[EventRounds "9"]
[EventCountry "RUS"]
[SourceTitle "CBM 161 Extra"]
[Source "ChessBase"]
[SourceDate "2014.08.29"]
[SourceVersion "1"]
[SourceVersionDate "2014.08.29"]
[SourceQuality "1"]

1. c4 Nf6 2. Nc3 c5 3. Nf3 d5 4. cxd5 Nxd5 5. g3 Nc6 6. Bg2 Nc7 7. 0-0 e5 8. d3 Be7 9. Be3 0-0 10. Rc1 Be6 11. a3 Qd7 12. Ne4 b6 13. Re1 Nd5 14. Bd2 f6 15. Bc3 Nd4 16. e3 Nxf3+ 17. Bxf3 Rad8 18. Re2 Nc7 19. d4 cxd4 20. exd4 exd4 21. Bxd4 Nb5 22. Rd2 Nxd4 23. Bg2 f5 24. Nc3 Nf3+ 25. Bxf3 Qxd2 0-1